| 000 | 01220cam a22003377a 4500 | ||
|---|---|---|---|
| 003 | CHAP | ||
| 005 | 20220329135425.0 | ||
| 008 | 971013s1978 mx a r 00010 spa d | ||
| 010 | _a36219 | ||
| 011 | _a37191 | ||
| 020 | _a9682411092 | ||
| 035 | _a41310 | ||
| 040 | _cCHAP | ||
| 090 | _aFolleto 4700 | ||
| 100 | 0 | 0 |
_aPaltrinieri, Gaetano. _985035 |
| 245 | 1 | 0 |
_aTaller de carne _c/por Gaetano Paltrinieri |
| 260 |
_aMéxico : _bDirección General de Educación Tecnológica Agropecuaria, _c1981. |
||
| 300 |
_a78 p. _b: ilus. |
||
| 490 | 0 |
_aManuales para educación agropecuaria. _pIndustrias rurales |
|
| 500 | _ac.4-7 en bodega | ||
| 590 |
_aBATCH-UPD _b10 _c20130110 _lUCH01 _h1201 |
||
| 590 |
_aCONVERSION _b10 _c20130109 _lUCH01 _h1320 |
||
| 650 | 1 | 4 |
_aCarne _xProcesado. _919108 |
| 830 | 0 |
_aManuales para educación agropecuaria. _pIndustrias rurales _970690 |
|
| 901 | _aBK | ||
| 942 | _cFOLL | ||
| 949 |
_aFolleto 4700 _bBC _cFOLL _d-94526 _eTS2 _fc.2 _i41310 _mD _si |
||
| 949 |
_aFolleto 4700 _bBC _cFOLL _d00000000015782 _eTS2 _fc.3 _gDonaciØn _i41310 _si |
||
| 949 |
_aFolleto 4700 _bBC _cFOLL _d33724002309405 _eTS2 _fc.4 _i41310 _st |
||
| 949 |
_aFolleto 4700 _bBC _cFOLL _d33724002312629 _eTS1 _gDonaciØn _hrep. _i41310 _sb |
||
| 999 |
_c36219 _d36219 |
||